000 00657nam a2200241Ia 4500
003 OSt
005 20221007071052.0
006 a|||||r|||| 00| 0
007 ta
008 221006b |||||||| |||| 00| 0 eng d
024 _a22,491
037 _cReference Collections
040 _aFLL
_cFLL
_beng
041 _2eng
_aeng
082 _aZ2,98,3qN08, F4
100 _aRam Madho
_9688071
245 0 _aIndian registration act
250 _a5th
260 _aLahore
_bJijnasu Printing Works Pakistan
_c1924
300 _axiv,293p
_ccm.
942 _hZ2,98,3qN08, F4
_cREF
_2CC
999 _c1142348
_d1142348